000 00802nam a2200241Ia 4500
003 OSt
005 20220926001550.0
006 a|||||r|||| 00| 0
007 ta
008 220923b |||||||| |||| 00| 0 eng d
037 _cGeneral Book
040 _aRTL
_cRTL
_beng
041 _2eng
_aeng
082 _aV2,32-93(Y5926).N86<N85r, M6/GD
110 _aINDIA, INDUSTRY (Ministry of-)
_9258507
245 0 _aCommittee on the welfare of scheduled castes and scheduled tribes 1985-86
_b Fourth report.
260 _a New Delhi
_bLok Sabha secretariat
_c1986
300 _av,106p.
_ccm.
500 _aAppendix :66-106p.
700 _aINDIA, INDUSTRY (Ministry of-)
_9258508
942 _hV2,32-93(Y5926).N86<N85r, M6/GD
_cGB
_2CC
999 _c601994
_d601994